000 00516nam a2200193 a 4500
001 1773127630641
003 YourLibrary
005 20260310125913.0
008 260310s2007##################000#0#eng##
020 _a9781843108474
082 0 4 _a362.2830973
_bLUK
100 1 _aLukas, Christopher,
_eauthor.
245 1 0 _aSilent Grief :
260 _bJessica Kingsley Publishers,
_c2007.
300 _a222 pages
650 0 _aFamily & Relationships.
942 _cENGLISH
040 _aYourLibrary
_beng
_cYourLibrary
999 _c617324
_d617324